000 00501nam a2200181Ia 4500
008 090124s9999 xx 000 0 und d
082 _b21632
100 _aखेडकर सुशिला
245 _a फुलोरा
250 _a1
260 _bवरदा बुक्स
_c1984
300 _a195
600 _aखेडकर सुशिला
630 _a फुलोरा
700 _aखेडकर सुशिला
730 _a फुलोरा
942 _cBOOK
999 _c91561
_d91561